Gallium arsenide digital integrated circuit design / (Record no. 182182)

000 -LEADER
fixed length control field 01251 a2200253 4500
003 - CONTROL NUMBER IDENTIFIER
control field NUST
005 - DATE AND TIME OF LATEST TRANSACTION
control field 20230725110517.0
010 ## - LIBRARY OF CONGRESS CONTROL NUMBER
LC control number 89012671
020 ## - INTERNATIONAL STANDARD BOOK NUMBER
International Standard Book Number 0070386870
020 ## - INTERNATIONAL STANDARD BOOK NUMBER
International Standard Book Number 0070386889 (solutions manual)
040 ## - CATALOGING SOURCE
Transcribing agency Nust
082 00 - DEWEY DECIMAL CLASSIFICATION NUMBER
Classification number 621.3815,LON
100 1# - MAIN ENTRY--PERSONAL NAME
Personal name Long, Stephen I.
9 (RLIN) 103718
245 10 - TITLE STATEMENT
Title Gallium arsenide digital integrated circuit design /
Statement of responsibility, etc. Stephen I. Long, Steven E. Butner.
260 ## - PUBLICATION, DISTRIBUTION, ETC.
Place of publication, distribution, etc. New York :
Name of publisher, distributor, etc. McGraw-Hill,
Date of publication, distribution, etc. c1990.
300 ## - PHYSICAL DESCRIPTION
Extent xx, 486 p., [6] p. of plates :
Other physical details ill. (some col.) ;
Dimensions 24 cm.
440 #0 - SERIES STATEMENT/ADDED ENTRY--TITLE
Title McGraw-Hill series in electrical engineering.
9 (RLIN) 20188
440 #0 - SERIES STATEMENT/ADDED ENTRY--TITLE
Title McGraw-Hill series in electrical engineering.
9 (RLIN) 20188
505 ## - FORMATTED CONTENTS NOTE
Formatted contents note Fundamentals Of GaAs Devices (Page-11), Models For GaAs Devices And Circuits (Page-79), Logic Circuit Design Principles (Page-140), Logic Circuit Design Examples (Page-195), Interconnections (Page-245), Test Methods For Very-High-Speed Digital ICs (Page-321), Using GaAs In Systems (Page-346), Physical Design (Page-384), Computer-Aided Design Tools And Techniques (Page-414).
650 #0 - SUBJECT ADDED ENTRY--TOPICAL TERM
Topical term or geographic name entry element Digital integrated circuits
General subdivision Design and construction.
650 #0 - SUBJECT ADDED ENTRY--TOPICAL TERM
Topical term or geographic name entry element Telecommunication engineering
700 1# - ADDED ENTRY--PERSONAL NAME
Personal name Butner, Steven E.
9 (RLIN) 103719
942 ## - ADDED ENTRY ELEMENTS (KOHA)
Source of classification or shelving scheme
Koha item type Book
Call number prefix 621.3815,LON
Holdings
Withdrawn status Lost status Source of classification or shelving scheme Damaged status Not for loan Permanent Location Current Location Shelving location Date acquired Full call number Barcode Date last seen Price effective from Koha item type Public note
          Military College of Signals (MCS) Military College of Signals (MCS) General Stacks 12/12/2016 621.3815,LON MCS21212 12/08/2016 12/12/2016 Book Almirah No.33, Shelf No.1
          Military College of Signals (MCS) Military College of Signals (MCS) General Stacks 12/12/2016 621.3815,LON MCS21444 12/08/2016 12/12/2016 Book Almirah No. 88, Shelf No.5
© 2023 Central Library, National University of Sciences and Technology. All Rights Reserved.